Príručka riadneho legislatívneho postupu október 2010

Salvato in:
Dettagli Bibliografici
Natura: Libro
Lingua:slovacco
Pubblicazione: Luxemburg Úrad pre vydávanie publikácií Európskej únie 2010
Serie:Praktické príručky
Soggetti:
Tags: Aggiungi Tag
Nessun Tag, puoi essere il primo ad aggiungerne!!

MARC

LEADER 00000nam a2200000 4500
001 0192510
005 20240404080100.8
020 |a 978-92-824-2644-9 
041 0 |a slo 
044 |a LU 
245 1 0 |a Príručka riadneho legislatívneho postupu  |b október 2010 
264 1 |a Luxemburg  |b Úrad pre vydávanie publikácií Európskej únie  |c 2010 
300 |a 54 s.  |e príl. 
490 1 |a Praktické príručky 
830 0 |a Praktické príručky 
610 2 0 |a Európska rada 
610 2 0 |a Európsky parlament 
610 2 0 |a legislatíva 
610 2 0 |a Európska únia